000 00325nam a2200121Ia 4500
005 20251222154359.0
008 251222s9999||||xx |||||||||||||| ||spa||
020 _a84-206-0261-2
082 _a641.5/G23
100 _a"Garcia del Cerro, CarlosArroyo González, Manuel"
245 0 _aLa cocina del queso español
942 _cLIB
999 _c35212
_d35212